000 004360000a22001330004500
090 _aAS
_bSeriadas
245 1 0 _aDistribución altitudinal del género Bombus en Colombia (Hymenoptera: Apidae)
041 0 _aEspañol
700 1 _aOspina Torres, Rodulfo
_95980
700 1 _aNates Parra, Guiomar
_95315
100 1 _aLievano león, Arturo
_95978
942 _cARTICULO
773 1 _tTrianea
_kActa Científica y Tecnológica
_h4
_q541-550
_d1991
999 _c16127
_d16127